000 00583nam a2200193Ia 4500
005 20260114185839.0
008 008 260114s9999 xx 000 0 eng d
020 _a9780755603947
037 _aEBOOK
040 _aCRL
_beng
_cCRL
041 _aeng
_2eng
084 _qCRL
100 _aClaudia Mesch
_9875132
245 0 _aArt and Politics A Small History of Art for Social Change Since 1945
260 _bBloomsbury
_c2009
856 _uhttps://doi.org/10.5040/9780755603947?locatt=label:secondary_bloomsburyCollections
942 _cEBOOK
999 _c1474066
_d1474066